000 00224nam a2200109Ia 4500
008 190216s9999||||xx |||||||||||||| ||und||
100 _aSethu
245 0 _aNiyogam
260 _bDc Books
650 _aMalayalam
942 _cBK
999 _c26503
_d26503